[Event "Ruhrgebiet VL2 0001"]
[Site "Ruhrgebiet"]
[Date "2001.03.18"]
[Round "7"]
[White "Van Esch, Bas"]
[Black "Poetter, Clemens"]
[Result "1/2-1/2"]
[WhiteElo "2186"]
[BlackElo "2020"]
[PlyCount "85"]
[EventDate "2000.09.17"]
[EventType "team-tourn"]
[EventRounds "9"]
[EventCountry "GER"]
[SourceTitle "EXT 2023"]
[Source "ChessBase"]
[SourceDate "2022.10.05"]
[SourceVersion "1"]
[SourceVersionDate "2022.10.05"]
[SourceQuality "1"]
[WhiteTeam "Bochum SV"]
[BlackTeam "Weisse Dame Borbeck II"]
[WhiteTeamCountry "GER"]
[BlackTeamCountry "GER"]

1. Nf3 Nf6 2. g3 d5 3. Bg2 e6 4. b3 Be7 5. Bb2 0-0 6. 0-0 b6 7. c4 Bb7 8. Re1 c5 9. d3 Nbd7 10. e3 Qc7 11. Nc3 Rad8 12. Qc2 Qb8 13. a4 Qa8 14. cxd5 Nxd5 15. Nxd5 Bxd5 16. e4 Bb7 17. a5 Qb8 18. h4 h6 19. axb6 axb6 20. Qc4 Bc6 21. d4 Qb7 22. dxc5 bxc5 23. Ne5 Bb5 24. Qc2 Nxe5 25. Bxe5 Qb6 26. Rac1 Rd7 27. Qb2 f6 28. Bc3 e5 29. Bh3 Rc7 30. Red1 Be8 31. Rb1 Bf7 32. Bf1 Qc6 33. Qc2 Rb8 34. Bc4 Rd7 35. Rxd7 Qxd7 36. Rd1 Qb7 37. Ba5 Bxc4 38. bxc4 Qa6 39. Be1 Qa3 40. Qe2 Rb2 41. Qg4 Qa6 42. Qd7 Kf8 43. Bc3 1/2-1/2